| 000 | 00363nam a2200157Ia 4500 | ||
|---|---|---|---|
| 008 | 210210b1903 xxu||||| |||| 00| 0 eng d | ||
| 041 | _aeng | ||
| 082 | _a829/847q | ||
| 100 | _aQUILLER (Couch) | ||
| 245 | _aHetty Wesley | ||
| 260 |
_aLondon _bT Nelson and Sons _c1903 |
||
| 650 | _aWesley | ||
| 650 | _aHetty | ||
| 690 | _aEnglish Fiction | ||
| 906 | _a017461 | ||
| 999 |
_c137428 _d137428 |
||